000 00564nam a2200181Ia 4500
005 20250508160957.0
008 008 250505s9999 xx 000 0 hin d
037 _aBooks to be hide in OPAC
040 _aFEDL
_beng
_cFEDL
041 _ahin
_2eng
084 _a025.4, DEW
_qFEDL
100 _aDwey Melvil
_9769913
245 0 _aChayanatmak hindi dewey dashamlav vargikaran awam sapeshik anukramanika
260 _aNew York, USA
_bLake Placid Club Foundation
_c1976
300 _aviii,700p.
942 _cHB
_h025.4, DEW
999 _c1367722
_d1367722